000 00272nam a22001217a 4500
008 170511b xxu||||| |||| 00| 0 eng d
041 _aeng
080 _a342
100 _a15
101 _aSHJ
245 _aLAND USE/ CASES AND MATERIALS
_cBEUSCHER, J.H
942 _2udc
_cBK
999 _c13136
_d13136